| 000 | 00640nam a2200241Ia 4500 | ||
|---|---|---|---|
| 003 | OSt | ||
| 005 | 20220924114431.0 | ||
| 006 | a|||||r|||| 00| 0 | ||
| 007 | ta | ||
| 008 | 220923b |||||||| |||| 00| 0 san d | ||
| 024 | _a255103 | ||
| 037 | _cTextual | ||
| 040 |
_aARTS _cARTS _bsan |
||
| 041 |
_2san _asan |
||
| 082 | _aO15:gxIPU,1, K5 | ||
| 100 |
_aPunjaraja _9173538 |
||
| 245 | 0 | _aSisuprabodhakavyalankara | |
| 260 |
_aBaroda _bOriental Insturdte India _c1965 |
||
| 300 |
_a86p. _ccm. |
||
| 650 | _aSANSKRIT LITERATURE | ||
| 942 |
_hO15:gxIPU,1, K5 _cTEXL _2CC |
||
| 999 |
_c393545 _d393545 |
||